| 000 | 00698nam a2200241 i 4500 | ||
|---|---|---|---|
| 001 | 77579 | ||
| 003 | ES-MaACL | ||
| 005 | 20230906173301.0 | ||
| 007 | t| | ||
| 008 | 041022s2003 sp ||||1| spa d | ||
| 020 | _a84-95359-84-7 | ||
| 080 | _a791.43.036.1 | ||
| 100 | 1 |
_aQuintana, Angel. _994653 |
|
| 245 | 1 | 0 |
_aFábulas de lo invisible _b: el cine como creador de realidades / _cAngel Quintana. |
| 250 | _a1ª ed. | ||
| 260 |
_aBarcelona : _bEl Acantilado, _c2003. |
||
| 300 |
_a312 p. ; _c27 cm. |
||
| 490 | 1 |
_aAcantilado ; _v67 |
|
| 650 | 1 | 4 |
_aRealismo- _xEn el cine. _916686 |
| 830 | 0 |
_aAcantilado ; _v67 _9182222 |
|
| 852 |
_aES-MaACL _jL-28339 _bR.134251 |
||
| 999 |
_c77579 _d77579 |
||